[Event "Muensterland Verbandsklasse 1617"]
[Site "Germany"]
[Date "2016.10.22"]
[Round "2.3"]
[White "Rengers, Rainer"]
[Black "Fleischmann, Andre"]
[Result "1/2-1/2"]
[WhiteElo "1752"]
[BlackElo "1740"]
[PlyCount "54"]
[EventDate "2016.09.24"]
[EventType "team"]
[EventRounds "9"]
[EventCountry "GER"]
[SourceTitle "EXT 2018"]
[Source "ChessBase"]
[SourceDate "2017.10.13"]
[SourceVersion "1"]
[SourceVersionDate "2017.10.13"]
[SourceQuality "1"]
[WhiteTeam "Neuenkirchen II"]
[BlackTeam "Sendenhorst"]
[WhiteTeamCountry "GER"]
[BlackTeamCountry "GER"]

1. d4 c5 2. d5 e6 3. c4 exd5 4. cxd5 d6 5. Nc3 g6 6. e4 Bg7 7. Nf3 Nf6 8. Be2 0-0 9. h3 a6 10. a4 Re8 11. Qc2 Nbd7 12. 0-0 Qe7 13. Re1 Nh5 14. Bd2 Ne5 15. Nxe5 Qxe5 16. Bxh5 Qxh5 17. Bf4 Be5 18. Qd2 Bxf4 19. Qxf4 Re5 20. Re3 Kg7 21. Rf3 f5 22. g4 Qh4 23. exf5 gxf5 24. Kh2 Bd7 25. Rg1 Kh8 26. gxf5 Qxf4+ 27. Rxf4 Rxf5 1/2-1/2